Diagnóstico clínico de las enfermedades internas / (Record no. 63579)

MARC details
000 -LEADER
campo de control de longitud fija 00573nam a2200169 i 4500
001 - NÚMERO DE CONTROL
campo de control 63579
003 - IDENTIFICADOR DE NÚMERO DE CONTROL
campo de control ES-MaACL
005 - FECHA Y HORA DE LA ÚLTIMA TRANSACCIÓN
campo de control 20230906164921.0
007 - CAMPO FIJO DE DESCRIPCIÓN FÍSICA--INFORMACIÓN GENERAL
campo de control de longitud fija t|
008 - DATOS DE LONGITUD FIJA--INFORMACIÓN GENERAL
campo de control de longitud fija 031212s1941 sp ||||1| spa d
100 1# - ENTRADA PRINCIPAL--NOMBRE DE PERSONA
Nombre de persona Ferrio, Luigi.
9 (RLIN) 50586
245 10 - MENCIÓN DEL TÍTULO
Título Diagnóstico clínico de las enfermedades internas /
Mención de responsabilidad, etc. por Luis Ferrio ; traducción de la 3ª edición italiana de M. Montaner de la Poza.
260 ## - PUBLICACIÓN, DISTRIBUCIÓN, ETC.
Lugar de publicación, distribución, etc. Barcelona :
Nombre del editor, distribuidor, etc. Pubul,
Fecha de publicación, distribución, etc. 1941 (
Fabricante Gráficas Marco)
300 ## - DESCRIPCIÓN FÍSICA
Extensión 4 v. ;
Dimensiones 28 cm.
700 1# - ENTRADA AGREGADA--NOMBRE PERSONAL
Nombre de persona Montaner de la Poza, M.
9 (RLIN) 82378
852 ## - LOCALIZACIÓN
Ubicación ES-MaACL
Número de control de estantería E-135-38
Sublocalización o colección R.20790
Holdings
Estatus retirado Estado de pérdida Estado de daño No para préstamo Biblioteca de origen Biblioteca actual Ubicación en estantería Fecha de adquisición Fuente de adquisición Total de préstamos Signatura topográfica completa Código de barras Visto por última vez Precio de reemplazo Tipo de ítem Koha
        Biblioteca del Ateneo de Madrid Biblioteca del Ateneo de Madrid Depósito 2 17/01/2008     E-135-38 1066639 23/02/2023 23/02/2023 Libro impreso